Ancient sanskrit visdom / (Record no. 136503)
[ view plain ]
| 000 -LEADER | |
|---|---|
| fixed length control field | 00767nam a2200229 4500 |
| 010 ## - LIBRARY OF CONGRESS CONTROL NUMBER | |
| LC control number | B-121604 |
| 020 ## - INTERNATIONAL STANDARD BOOK NUMBER | |
| International Standard Book Number | 8176296287(Set) |
| Terms of availability | 2000(Set) |
| 035 ## - SYSTEM CONTROL NUMBER | |
| System control number | B-121604 |
| 037 ## - SOURCE OF ACQUISITION | |
| Source of stock number/acquisition | Cen Lib / Ret |
| 040 ## - CATALOGING SOURCE | |
| Original cataloging agency | DPL |
| Language of cataloging | EN |
| 082 ## - DEWEY DECIMAL CLASSIFICATION NUMBER | |
| Classification number | 810.8 |
| Item number | GOE |
| 100 ## - MAIN ENTRY--PERSONAL NAME | |
| Personal name | Goel, Aruna |
| 245 ## - TITLE STATEMENT | |
| Title | Ancient sanskrit visdom / |
| Statement of responsibility, etc | by Aruna Goel |
| 260 ## - PUBLICATION, DISTRIBUTION, ETC. (IMPRINT) | |
| Place of publication, distribution, etc | Delhi |
| Name of publisher, distributor, etc | Deep & Deep Publications Pvt |
| Date of publication, distribution, etc | 2005 |
| 270 ## - ADDRESS | |
| Address | 3190, Mohindra Park Tihar Village |
| City | New Delhi |
| Postal code | 110034 |
| 300 ## - PHYSICAL DESCRIPTION | |
| Extent | v 1. vii, 284 |
| Other physical details | 24cm |
| 505 ## - FORMATTED CONTENTS NOTE | |
| Formatted contents note | v 1. Modern Science and Beyond ; v 2. Current problems and solutions |
| 650 ## - SUBJECT ADDED ENTRY--TOPICAL TERM | |
| Topical term or geographic name as entry element | Vedic literature -- History and criticism. |
| 650 ## - SUBJECT ADDED ENTRY--TOPICAL TERM | |
| Topical term or geographic name as entry element | Philosophy and science -- India. |
| 650 ## - SUBJECT ADDED ENTRY--TOPICAL TERM | |
| Topical term or geographic name as entry element | Philosophy, Indic. |
| 942 ## - ADDED ENTRY ELEMENTS (KOHA) | |
| Source of classification or shelving scheme | Dewey Decimal Classification |
| Koha item type | English Books |
| Classification part | 810.8 |
| Call number suffix | GOE |
| Withdrawn status | Lost status | Materials specified (bound volume or other part) | Damaged status | Not for loan | Home library | Current library | Date acquired | Source of acquisition | Cost, normal purchase price | Total Checkouts | Total Renewals | Full call number | Barcode | Date last seen | Date checked out | Cost, replacement price | Price effective from | Koha item type | Collection code |
|---|---|---|---|---|---|---|---|---|---|---|---|---|---|---|---|---|---|---|---|
| v 1 | Central Library | Central Library | 03/03/2016 | Cen Lib/Ret | 2000.00 | 2 | 1 | 810.8 GOE | B-121604 | 31/12/2021 | 10/12/2021 | 2000.00 | 03/03/2016 | English Books | |||||
| v 2 | Not For Loan | Central Library | Central Library | 03/03/2016 | Cen Lib/Ret | 2000.00 | 810.8 GOE | B-121607 | 03/03/2016 | 2000.00 | 27/07/2016 | English Books | Reference |
